000 00359nam a2200157Ia 4500
003 OSt
005 20240222165152.0
008 170524s9999 xx 000 0 und d
020 _a978-8174886293
040 _cIIMT UNIVERSITY
100 _aSinha - P.C.
245 0 _aEcotourism and Mass Tourism
260 _bAnmol Pub.
260 _c1998
942 _2ddc
_c02
999 _c6733
_d6733